Familie, Milieu und sozialpädagogische Intervention: [Möglichkeiten, Handlungssätze und Probleme sozialpädagogischer Familienhilfe]

Das Buch beschreibt exemplarisch die Situation von Familien, deren Milieu und den verlauf von Hilfen. Dabei geht es auch um die Kooperation von freien und öffentlichen Trägern der Familienhilfe. Ein Teil beschreibt und bewertet die Bedingungen der Familienhilfe (im ländlichen Raum).

Guardado en:  
Detalles Bibliográficos
Otros Autores: Allert, Tilman 1947- (Editor)
Tipo de documento: Print Libro
Lenguaje:Alemán
Publicado: Münster Votum-Verlag 1994
En:Año: 1994
Disponibilidad en Tübingen:Disponible en Tübingen.
IFK: O V 278
Verificar disponibilidad: HBZ Gateway
Servicio de pedido Subito: Pedir ahora.
Palabras clave:

MARC

LEADER 00000cam a2200000 c 4500
001 132769107
003 DE-627
005 20260206155119.0
007 tu
008 940213s1994 gw ||||| 00| ||ger c
015 |a 94,N01,0407  |2 dnb 
015 |a 94,A14,0347  |2 dnb 
016 7 |a 940032899  |2 DE-101 
020 |a 3779918005  |c  : Eur 17.00  |9 3-7799-1800-5 
020 |a 3926549815  |c  : DM 26.80, sfr 27.80, S 209.00 (kart.)  |9 3-926549-81-5 
035 |a (DE-627)132769107 
035 |a (DE-603)027513696 
035 |a (DE-576)035933291 
035 |a (DE-599)DNB940032899 
035 |a (OCoLC)844194066 
035 |a (OCoLC)34194047 
035 |a (DE-604)8084282363 
040 |a DE-627  |b ger  |c DE-627  |e rakwb 
041 |a ger 
044 |c XA-DE 
050 0 |a HV700.G3 
084 |a 14  |a 22  |2 sdnb 
084 |a DS 5300  |2 rvk  |0 (DE-625)rvk/19944: 
084 |a DS 7200  |2 rvk  |0 (DE-625)rvk/19963: 
084 |a DU 4000  |2 rvk  |0 (DE-625)rvk/20046:761 
084 |a 79.15  |2 bkl 
084 |a 71.21  |2 bkl 
084 |a 79.00  |2 bkl 
245 0 0 |a Familie, Milieu und sozialpädagogische Intervention  |b [Möglichkeiten, Handlungssätze und Probleme sozialpädagogischer Familienhilfe]  |c Tilman Allert ... 
264 1 |a Münster  |b Votum-Verlag  |c 1994 
300 |a 233 S  |b graph. Darst.  |c 24 cm 
336 |a Text  |b txt  |2 rdacontent 
337 |a ohne Hilfsmittel zu benutzen  |b n  |2 rdamedia 
338 |a Band  |b nc  |2 rdacarrier 
500 |a Orig.-Ausg.: Votum Verl. (3-926549-81-5); anschließend nur anhand aufgeklebter ISBN (3-7799-1800-5) ersichtlich, dass es sich um den Juventa-Verl. handelt 
505 8 |a Literaturverz. S. 226 - 233 
520 |a Das Buch beschreibt exemplarisch die Situation von Familien, deren Milieu und den verlauf von Hilfen. Dabei geht es auch um die Kooperation von freien und öffentlichen Trägern der Familienhilfe. Ein Teil beschreibt und bewertet die Bedingungen der Familienhilfe (im ländlichen Raum). 
650 0 7 |0 (DE-588)4034026-0  |0 (DE-627)106254863  |0 (DE-576)209004657  |a Ländlicher Raum  |2 gnd 
650 0 7 |0 (DE-588)4016397-0  |0 (DE-627)104427175  |0 (DE-576)208915818  |a Familie  |2 gnd 
650 0 7 |0 (DE-588)4121684-2  |0 (DE-627)10576776X  |0 (DE-576)209545313  |a Soziale Herkunft  |2 gnd 
650 0 7 |0 (DE-588)4274900-1  |0 (DE-627)104453273  |0 (DE-576)210710551  |a Familienstruktur  |2 gnd 
650 0 7 |0 (DE-588)4124223-3  |0 (DE-627)10574932X  |0 (DE-576)209566302  |a Sozialpädagogische Familienhilfe  |2 gnd 
653 0 |a a  |a Family social work  |a Germany  |a Wetteraukreis 
653 0 |a a  |a Family social work  |a Germany  |a Tübingen (Landkreis) 
653 0 |a a  |a Family counseling  |a Germany  |a Wetteraukreis 
653 0 |a a  |a Family counseling  |a Germany  |a Tübingen (Landkreis) 
655 7 |a Fallstudiensammlung  |0 (DE-588)4522595-3  |0 (DE-627)251636593  |0 (DE-576)213309580  |2 gnd-content 
689 0 0 |d s  |0 (DE-588)4034026-0  |0 (DE-627)106254863  |0 (DE-576)209004657  |a Ländlicher Raum  |2 gnd 
689 0 1 |d s  |0 (DE-588)4016397-0  |0 (DE-627)104427175  |0 (DE-576)208915818  |a Familie  |2 gnd 
689 0 2 |d s  |0 (DE-588)4121684-2  |0 (DE-627)10576776X  |0 (DE-576)209545313  |a Soziale Herkunft  |2 gnd 
689 0 3 |d s  |0 (DE-588)4274900-1  |0 (DE-627)104453273  |0 (DE-576)210710551  |a Familienstruktur  |2 gnd 
689 0 4 |d s  |0 (DE-588)4124223-3  |0 (DE-627)10574932X  |0 (DE-576)209566302  |a Sozialpädagogische Familienhilfe  |2 gnd 
689 0 |5 DE-101 
700 1 |a Allert, Tilman  |d 1947-  |e Hrsg.  |0 (DE-588)128602775  |0 (DE-627)376371005  |0 (DE-576)160057833  |4 edt 
935 |i Blocktest 
936 r v |a DS 5300  |b Arbeit mit Familien und Gruppen  |k Pädagogik  |k Sozialpädagogik, Sozialarbeit  |k Methoden und Arbeitsformen  |k Arbeit mit Familien und Gruppen  |0 (DE-627)1270784331  |0 (DE-625)rvk/19944:  |0 (DE-576)200784331 
936 r v |a DS 7200  |b Familienberatung, Familienhilfe, Erziehungsberatung  |k Pädagogik  |k Sozialpädagogik, Sozialarbeit  |k Berufsfelder  |k Familienberatung, Familienhilfe, Erziehungsberatung  |0 (DE-627)1270784439  |0 (DE-625)rvk/19963:  |0 (DE-576)200784439 
936 r v |a DU 4000  |b Allgemeines und Deutschland  |k Pädagogik  |k Pädagogische Soziologie  |k Familiensoziologie  |k Allgemeines und Deutschland  |0 (DE-627)1270809792  |0 (DE-625)rvk/20046:761  |0 (DE-576)200809792 
936 b k |a 79.15  |j Familienhilfe  |0 (DE-627)106416197 
936 b k |a 71.21  |j Familie  |j Verwandtschaft  |x Soziologie  |0 (DE-627)106416588 
936 b k |a 79.00  |j Sozialpädagogik  |j Sozialarbeit: Allgemeines  |0 (DE-627)106421271 
936 s n |a d100  |2 mzub 
936 s n |a m200  |2 mzub 
951 |a BO 
ELC |b 1 
LOK |0 000 xxxxxcx a22 zn 4500 
LOK |0 001 3208733917 
LOK |0 003 DE-627 
LOK |0 004 132769107 
LOK |0 005 20151116135504 
LOK |0 008 150728||||||||||||||||ger||||||| 
LOK |0 035   |a (DE-21-110)kd23287 
LOK |0 040   |a DE-21-110  |c DE-627  |d DE-21-110 
LOK |0 852   |a DE-21-110 
LOK |0 852 1  |c O V 278  |m p  |9 00 
LOK |0 935   |a k110 
LOK |0 938   |k p 
LOK |0 939   |a 28-07-15  |b l01 
ORI |a SA-MARC-krimdoka001.raw 
SIG |a IFK: O V 278